[Event "TURNIEJ "]
[Site "LAZY"]
[Date "2010.07.01"]
[Round "6.10"]
[White "Kozakow, Mikolaj"]
[Black "Nizynski, Andrzej"]
[Result "1/2-1/2"]
[WhiteElo "1533"]
[BlackElo "1479"]
[PlyCount "160"]
[EventDate "2010.??.??"]

1. e4 e5 2. Nf3 Nf6 3. Nxe5 d6 4. Nf3 Nxe4 5. d4 d5 6. Bd3 Bg4 7. O-O Be7 8.
Re1 Nf6 9. Qe2 h6 10. b3 a6 11. Ba3 Nc6 12. Nbd2 Be6 13. Bxe7 Qxe7 14. c4 O-O
15. Ne5 Nxd4 16. Qe3 Nc6 17. cxd5 Bxd5 18. f4 Rfe8 19. Rac1 Nd7 20. Be4 Ndxe5
21. Bxd5 Qd7 22. Bxc6 Nxc6 23. Qc3 Rxe1+ 24. Rxe1 Qd4+ 25. Qxd4 Nxd4 26. Re7
Ne6 27. f5 Kf8 28. Rd7 Nf4 29. Rxc7 Rb8 30. Nc4 Ne2+ 31. Kf2 Nc3 32. Nb6 Ne4+
33. Kf3 Nf6 34. h4 h5 35. Nd7+ Nxd7 36. Rxd7 Ke8 37. Rc7 b6 38. Ke4 a5 39. Ke5
b5 40. Ra7 a4 41. f6 gxf6+ 42. Kf5 axb3 43. axb3 b4 44. Ra5 Rc8 45. Rb5 Rc2 46.
Rxb4 Rxg2 47. Kxf6 Rg4 48. Ra4 Rg3 49. Rb4 Rg4 50. Rc4 Rg6+ 51. Kf5 Rb6 52. b4
Rb5+ 53. Kf6 Rb6+ 54. Ke5 Ke7 55. Kd5 Kd7 56. Rf4 f6 57. Kc5 Rc6+ 58. Kb5 Re6
59. Kc5 Kc7 60. b5 Kb7 61. Rf5 Re1 62. Rxh5 Ra1 63. Kb4 Kb6 64. Rf5 Rb1+ 65.
Kc4 Rc1+ 66. Kd4 Rh1 67. h5 Rh4+ 68. Kd5 Kxb5 69. Ke6+ Kc6 70. Kxf6 Kd7 71. Re5
Kd6 72. Ra5 Rh2 73. Rg5 Kd7 74. Kg7 Re2 75. h6 Re7+ 76. Kh8 Ke6 77. h7 Kf6 78.
Rg8 Rf7 79. Rb8 Re7 80. Rb6+ Kf7 1/2-1/2

[Event "TURNIEJ "]
[Site "LAZY"]
[Date "2010.07.01"]
[Round "7.1"]
[White "Borawski, Jakub"]
[Black "Mroziak, Maciej"]
[Result "0-1"]
[WhiteElo "1815"]
[BlackElo "2068"]
[PlyCount "40"]
[EventDate "2010.??.??"]

1. e4 c5 2. Nf3 Nc6 3. d4 cxd4 4. Nxd4 Nf6 5. Nc3 e6 6. Ndb5 Bb4 7. a3 Bxc3+ 8.
Nxc3 d5 9. exd5 exd5 10. Bd3 O-O 11. O-O d4 12. Ne4 Bf5 13. Bg5 Bxe4 14. Bxe4
h6 15. Bxf6 Qxf6 16. f4 Rfe8 17. Qf3 Re7 18. Rae1 Rae8 19. Re2 d3 20. Qxd3 Qd4+
0-1

[Event "TURNIEJ "]
[Site "LAZY"]
[Date "2010.07.01"]
[Round "7.2"]
[White "Grota, Mateusz"]
[Black "Malaczek, Mateusz"]
[Result "1/2-1/2"]
[WhiteElo "1814"]
[BlackElo "1824"]
[PlyCount "66"]
[EventDate "2010.??.??"]

1. e4 c5 2. Nf3 g6 3. d4 Bg7 4. Nc3 cxd4 5. Nxd4 Nc6 6. Be3 Nf6 7. Be2 O-O 8.
Qd2 d5 9. exd5 Nxd5 10. Nxd5 Qxd5 11. Bf3 Qe5 12. Nxc6 bxc6 13. O-O Bf5 14. c3
Rfd8 15. Qc1 Qb5 16. a4 Qb7 17. b4 e5 18. Ra2 Be6 19. Rd2 Bd5 20. Rfd1 Bf6 21.
Be2 Bb3 22. Rxd8+ Bxd8 23. Rd3 Bxa4 24. Qd2 Qc8 25. Bc5 Bb5 26. Qh6 Bh4 27.
Qxh4 Bxd3 28. Bxd3 Qd7 29. Qc4 a5 30. bxa5 Rxa5 31. g3 Rxc5 32. Qxc5 Qxd3 33.
Qxc6 e4 1/2-1/2

[Event "TURNIEJ "]
[Site "LAZY"]
[Date "2010.07.01"]
[Round "7.3"]
[White "Adamowicz, Maciej"]
[Black "Karski, Sebastian"]
[Result "1/2-1/2"]
[WhiteElo "1978"]
[BlackElo "1842"]
[PlyCount "78"]
[EventDate "2010.??.??"]

1. e4 c6 2. d4 d5 3. Nc3 dxe4 4. Nxe4 Nd7 5. Ng5 e6 6. Bd3 Ngf6 7. Qe2 Bd6 8.
N1f3 O-O 9. Bd2 Qc7 10. O-O-O c5 11. c3 a6 12. Ne4 Nxe4 13. Qxe4 Nf6 14. Qh4
cxd4 15. Nxd4 Be7 16. g4 g6 17. g5 Nd5 18. Nc2 Rd8 19. Kb1 b5 20. Rhe1 Bb7 21.
Be4 Bc5 22. Bxd5 Bxd5 23. Bf4 Qb6 24. Be5 Be7 25. Ne3 h5 26. Ng4 Be4+ 27. Ka1
Rxd1+ 28. Rxd1 Rd8 29. Rd4 Rxd4 30. Bxd4 Qb7 31. Nh6+ Kf8 32. Qf4 Bf5 33. f3
Ke8 34. b3 b4 35. c4 Qd7 36. Qe5 Qd6 37. Qh8+ Kd7 38. Nxf7 Qxh2 39. Ne5+ Kc7
1/2-1/2

[Event "TURNIEJ "]
[Site "LAZY"]
[Date "2010.07.01"]
[Round "7.4"]
[White "Kanarkiewicz, Michal"]
[Black "Marciniszyn, Jakub"]
[Result "1/2-1/2"]
[WhiteElo "1918"]
[BlackElo "1744"]
[PlyCount "107"]
[EventDate "2010.??.??"]

1. d4 d5 2. Nc3 e6 3. e4 Bb4 4. e5 c5 5. a3 Bxc3+ 6. bxc3 Qa5 7. Bd2 cxd4 8.
cxd4 Qa4 9. Nf3 b6 10. Bd3 Ba6 11. Qe2 Ne7 12. O-O Bxd3 13. Qxd3 Nbc6 14. Rfc1
Rc8 15. Qb3 Qa6 16. c4 dxc4 17. Rxc4 O-O 18. Rac1 Na5 19. Bxa5 Rxc4 20. Rxc4
bxa5 21. h3 Rc8 22. Rxc8+ Qxc8 23. Qb5 h6 24. Kh2 Kh7 25. Qxa5 Qc1 26. Qc5 Qf4+
27. Kg1 Nf5 28. Qc2 g6 29. Qd3 Qc1+ 30. Kh2 Qb2 31. Kg1 Qc1+ 32. Kh2 Qb2 33.
Qd2 Qxd2 34. Nxd2 Nxd4 35. Nc4 Kg7 36. Kg3 Kf8 37. Kf4 Ke7 38. Ke4 Nc6 39. f4
f6 40. g3 Kf7 41. Kd3 fxe5 42. Nxe5+ Nxe5+ 43. fxe5 Ke7 44. Kc4 Kd7 45. Kb5 Kc7
46. Ka6 Kb8 47. a4 Ka8 48. h4 Kb8 49. a5 Ka8 50. g4 Kb8 51. Kb5 Kb7 52. Kc5 Kc7
53. Kb5 Kb7 54. Kc5 1/2-1/2

[Event "TURNIEJ "]
[Site "LAZY"]
[Date "2010.07.01"]
[Round "7.5"]
[White "Zielinski, Maciej"]
[Black "Zochowski, Kacper"]
[Result "1/2-1/2"]
[WhiteElo "1973"]
[BlackElo "1882"]
[PlyCount "144"]
[EventDate "2010.??.??"]

1. e4 c5 2. Nf3 d6 3. d4 cxd4 4. Nxd4 Nf6 5. Nc3 a6 6. Be2 e6 7. Be3 Nbd7 8. f4
b5 9. Bf3 Bb7 10. e5 Bxf3 11. Qxf3 dxe5 12. Nc6 e4 13. Nxe4 Qc7 14. Nxf6+ Nxf6
15. O-O Nd5 16. Nd4 Rd8 17. c3 Bc5 18. Rad1 O-O 19. Bc1 b4 20. Kh1 bxc3 21.
bxc3 Bxd4 22. cxd4 Ne7 23. Ba3 Rd5 24. Rfe1 Rfd8 25. Bxe7 Qxe7 26. f5 Qf6 27.
fxe6 fxe6 28. Qxf6 gxf6 29. Rxe6 Rxd4 30. Rxd4 Rxd4 31. h3 Ra4 32. Rxf6 Rxa2
33. Rb6 Kg7 34. Kh2 a5 35. Ra6 a4 36. Kg3 a3 37. h4 Ra1 38. Kg4 a2 39. Kg5 h6+
40. Kh5 Rf1 41. Ra7+ Rf7 42. Rxa2 Rf5+ 43. Kg4 Rb5 44. Ra7+ Kf6 45. Ra6+ Kg7
46. Re6 h5+ 47. Kf4 Ra5 48. g3 Kf7 49. Re5 Ra4+ 50. Re4 Ra5 51. Rb4 Kf6 52.
Rb6+ Kg7 53. Rb7+ Kf6 54. Rb6+ Kg7 55. Re6 Kf7 56. Re5 Ra4+ 57. Re4 Ra5 58. Re5
Ra4+ 59. Kg5 Rg4+ 60. Kxh5 Rxg3 61. Ra5 Rb3 62. Kh6 Kg8 63. Ra8+ Kf7 64. h5 Rb5
65. Ra7+ Kg8 66. Rg7+ Kh8 67. Rg6 Rb7 68. Re6 Rh7+ 69. Kg6 Rg7+ 70. Kf6 Rg8 71.
Re7 Rg7 72. Re6 Kh7 1/2-1/2

[Event "TURNIEJ "]
[Site "LAZY"]
[Date "2010.07.01"]
[Round "7.6"]
[White "Prominski, Piotr"]
[Black "Slany, Wiktor"]
[Result "1-0"]
[WhiteElo "1795"]
[BlackElo "1522"]
[PlyCount "53"]
[EventDate "2010.??.??"]

1. e4 e5 2. Nf3 Nc6 3. Bb5 Nf6 4. O-O Bc5 5. c3 Bb6 6. d4 O-O 7. Bg5 h6 8. Bh4
d6 9. Bxc6 bxc6 10. Nbd2 Bg4 11. Qc2 Re8 12. Rfe1 g5 13. Bg3 exd4 14. Nxd4 Bd7
15. Qd3 d5 16. e5 Nh5 17. Nf5 Nxg3 18. Nxg3 Bc5 19. Nh5 Be7 20. Qg3 Bf5 21. Nb3
Bg6 22. Qf3 Bxh5 23. Qxh5 Kg7 24. Nd4 Rh8 25. e6 Qf8 26. exf7 Qxf7 27. Rxe7 1-0

[Event "TURNIEJ "]
[Site "LAZY"]
[Date "2010.07.01"]
[Round "7.7"]
[White "Gabryjalowicz, Jakub"]
[Black "Mazalon, Mateusz"]
[Result "1-0"]
[WhiteElo "1780"]
[BlackElo "1790"]
[PlyCount "119"]
[EventDate "2010.??.??"]

1. e4 c5 2. Nf3 a6 3. d4 cxd4 4. Nxd4 Nf6 5. Nc3 e5 6. Nb3 Bb4 7. Bd3 d5 8.
exd5 Nxd5 9. Bd2 Bxc3 10. bxc3 O-O 11. O-O Nc6 12. Qf3 Be6 13. Nc5 Qe7 14. Nxe6
Qxe6 15. Rad1 Rad8 16. c4 Nb6 17. Be3 Nd7 18. Bg5 f6 19. Bf5 Qe7 20. Qh3 g6 21.
Be6+ Kh8 22. Bh6 Nc5 23. Bxf8 Rxf8 24. Bd5 Nd4 25. c3 Ne2+ 26. Kh1 Nf4 27. Qf3
g5 28. Rfe1 f5 29. Qe3 h6 30. g3 Ng6 31. Bf3 f4 32. Qe2 Qf6 33. Bh5 e4 34. Bxg6
Qxg6 35. Kg1 f3 36. Qe3 Qf5 37. Kh1 Re8 38. Rd5 Qh3 39. Rg1 b6 40. Qd4+ Kh7 41.
Qf6 Rg8 42. Qf5+ Qxf5 43. Rxf5 Rd8 44. Rd5 Nd3 45. Rf1 Rf8 46. Kg1 Rc8 47. Rd4
Re8 48. Rd7+ Kg8 49. Rd6 Kg7 50. Rxb6 g4 51. Rxa6 e3 52. fxe3 Rxe3 53. Rd6 f2+
54. Kg2 Ne1+ 55. Kxf2 Nc2 56. a4 Rxc3 57. a5 Rxc4 58. a6 Ra4 59. Rb1 Nb4 60. a7
1-0

[Event "TURNIEJ "]
[Site "LAZY"]
[Date "2010.07.01"]
[Round "7.8"]
[White "Szewczyk, Mariusz"]
[Black "Kozakow, Mikolaj"]
[Result "1-0"]
[WhiteElo "1737"]
[BlackElo "1533"]
[PlyCount "87"]
[EventDate "2010.??.??"]

1. e4 e5 2. Nf3 Nc6 3. Bc4 Bc5 4. c3 Nf6 5. d4 exd4 6. e5 d5 7. Bb5 Ne4 8. cxd4
Bb4+ 9. Bd2 O-O 10. O-O Be7 11. Qc2 Bd7 12. Bd3 Bf5 13. a3 Qd7 14. Nc3 Bg6 15.
Be3 Nxc3 16. bxc3 Bxd3 17. Qxd3 Na5 18. Nd2 b6 19. f4 c5 20. f5 f6 21. e6 Qc7
22. Rf3 cxd4 23. cxd4 Nc4 24. Rc1 Rac8 25. Rg3 Bd6 26. Rh3 Bxa3 27. Rxc4 dxc4
28. Qxa3 b5 29. Rg3 Kh8 30. Ne4 b4 31. Qxb4 Rb8 32. Qd6 Rb1+ 33. Kf2 Rb2+ 34.
Kf3 Qc8 35. Qd7 Qxd7 36. exd7 Rd8 37. Nc5 c3 38. Ke4 c2 39. Kd3 Ra2 40. d5 a5
41. d6 a4 42. Bc1 h5 43. Rxg7 Rb8 44. Re7 1-0

[Event "TURNIEJ "]
[Site "LAZY"]
[Date "2010.07.01"]
[Round "7.9"]
[White "Nizynski, Andrzej"]
[Black "Stawicki, Michal"]
[Result "0-1"]
[WhiteElo "1479"]
[BlackElo "1720"]
[PlyCount "115"]
[EventDate "2010.??.??"]

1. e4 e6 2. d4 d5 3. exd5 exd5 4. Nf3 Bd6 5. Bd3 Ne7 6. O-O O-O 7. Nc3 c6 8.
Ne2 Bf5 9. Ng3 Bxd3 10. Qxd3 Ng6 11. Re1 Nd7 12. Bd2 Qc7 13. Qb3 h6 14. Bb4
Rfe8 15. Bxd6 Qxd6 16. Re3 Rxe3 17. Qxe3 Nf6 18. Qb3 Qd7 19. Re1 a6 20. Qb6 Rc8
21. h3 Rc7 22. Re3 Qd6 23. Rb3 Rd7 24. Re3 Qf4 25. Qc5 Qc7 26. Qc3 Qb6 27. Qb3
Qb5 28. Qxb5 axb5 29. c3 b6 30. Ne5 Nxe5 31. Rxe5 g6 32. f3 Kf8 33. Ne2 Ra7 34.
a3 Re7 35. Rxe7 Kxe7 36. Nf4 Ne8 37. Nd3 f6 38. Kf2 Nd6 39. b3 Nb7 40. Ke3 Na5
41. Nc1 Nb7 42. Nd3 Nd6 43. g3 Nf5+ 44. Kf2 Kf7 45. Nf4 Ng7 46. Nd3 Ne6 47. Nf4
Nxf4 48. gxf4 Ke6 49. b4 Kd6 50. Kg3 Ke6 51. Kg4 h5+ 52. Kg3 Kf5 53. h4 g5 54.
fxg5 fxg5 55. hxg5 Kxg5 56. Kh3 Kf4 57. Kh4 Kxf3 58. Kxh5 0-1

[Event "TURNIEJ "]
[Site "LAZY"]
[Date "2010.07.02"]
[Round "8.1"]
[White "Mroziak, Maciej"]
[Black "Grota, Mateusz"]
[Result "1/2-1/2"]
[WhiteElo "2068"]
[BlackElo "1814"]
[PlyCount "95"]
[EventDate "2010.??.??"]

1. c4 Nf6 2. Nc3 d5 3. cxd5 Nxd5 4. g3 g6 5. Bg2 Nb6 6. Nf3 Bg7 7. O-O O-O 8.
d4 Nc6 9. e3 e5 10. d5 Ne7 11. e4 f5 12. Qb3 Kh8 13. exf5 Bxf5 14. Re1 e4 15.
Ng5 Nexd5 16. Ngxe4 c6 17. Bg5 Qc7 18. Rac1 Nxc3 19. Nxc3 Rae8 20. Qb4 Qf7 21.
Be7 Rg8 22. Bc5 Qc4 23. Qa3 Nd7 24. Be3 Ne5 25. Ne4 Qd3 26. Rc3 Qd8 27. Nd6 Bf8
28. Bc5 Nf3+ 29. Bxf3 Rxe1+ 30. Kg2 Qd7 31. h4 Bg7 32. Re3 Rxe3 33. Qxe3 b6 34.
Nxf5 gxf5 35. Bb4 Re8 36. Qc1 c5 37. Bd2 Qe6 38. b3 Qe5 39. Bc6 Re6 40. Bf3 Qd4
41. Be3 Qb2 42. Qxb2 Bxb2 43. Bd5 Rd6 44. Bc4 Be5 45. Kf3 Kg7 46. a4 Kf6 47.
Bg5+ Kg7 48. Be3 1/2-1/2

[Event "TURNIEJ "]
[Site "LAZY"]
[Date "2010.07.02"]
[Round "8.2"]
[White "Malaczek, Mateusz"]
[Black "Prominski, Piotr"]
[Result "1-0"]
[WhiteElo "1824"]
[BlackElo "1795"]
[PlyCount "73"]
[EventDate "2010.??.??"]

1. e4 c5 2. Nf3 d6 3. d4 cxd4 4. Nxd4 Nf6 5. Nc3 a6 6. f3 e6 7. Be3 Qc7 8. Qd2
Nbd7 9. O-O-O b5 10. g4 h6 11. h4 Bb7 12. Bd3 Ne5 13. g5 Nfd7 14. Kb1 Nb6 15.
Bf2 Nec4 16. Bxc4 Nxc4 17. Qd3 Rc8 18. g6 Qd7 19. h5 f6 20. f4 b4 21. Nce2 d5
22. exd5 Bxd5 23. Rhe1 Bc5 24. Bg1 Qd6 25. Nf5 Qd7 26. Bxc5 Rxc5 27. Ned4 O-O
28. Nxe6 Bxe6 29. Qxd7 Bxd7 30. Rxd7 Rxf5 31. Ree7 Rc8 32. Rxg7+ Kh8 33. Rh7+
Kg8 34. Rxh6 Rxf4 35. a3 bxa3 36. g7 Nd2+ 37. Ka2 1-0

[Event "TURNIEJ "]
[Site "LAZY"]
[Date "2010.07.02"]
[Round "8.3"]
[White "Marciniszyn, Jakub"]
[Black "Adamowicz, Maciej"]
[Result "0-1"]
[WhiteElo "1744"]
[BlackElo "1978"]
[PlyCount "88"]
[EventDate "2010.??.??"]

1. d4 Nf6 2. c4 c5 3. d5 b5 4. cxb5 a6 5. f3 axb5 6. e4 Qa5+ 7. Bd2 b4 8. Na3
d6 9. Nc4 Qc7 10. Bd3 e6 11. dxe6 Bxe6 12. Bf4 Nc6 13. Ne2 Be7 14. O-O O-O 15.
Qc2 Rfd8 16. Rfd1 h6 17. Bg3 Qa7 18. Nf4 Ne8 19. Bf2 Bf6 20. Bf1 Bd4 21. Bxd4
Nxd4 22. Qc1 Nc7 23. Bd3 d5 24. exd5 Bxd5 25. Re1 Rd7 26. Ne2 Nce6 27. b3 Rad8
28. Ne5 Rc7 29. Nc4 Rcd7 30. Ne5 c4 31. Nxd4 Qxd4+ 32. Kh1 cxd3 33. Qd2 Rc7 34.
Rad1 Rc2 35. Qxd3 Qf2 36. Qf1 Qxf1+ 37. Rxf1 Rxa2 38. Rd3 Bb7 39. Rxd8+ Nxd8
40. Rd1 Nc6 41. Nd3 Ba6 42. Nc5 Be2 43. Re1 Rd2 44. Kg1 Nd4 0-1

[Event "TURNIEJ "]
[Site "LAZY"]
[Date "2010.07.02"]
[Round "8.4"]
[White "Zielinski, Maciej"]
[Black "Borawski, Jakub"]
[Result "1/2-1/2"]
[WhiteElo "1973"]
[BlackElo "1815"]
[PlyCount "81"]
[EventDate "2010.??.??"]

1. e4 e5 2. Nf3 Nc6 3. Bc4 Bc5 4. c3 Nf6 5. d3 d6 6. O-O Bg4 7. h3 Bh5 8. Nbd2
Bb6 9. Re1 g5 10. g4 Nxg4 11. hxg4 Bxg4 12. Nf1 Qf6 13. N1h2 Bh5 14. Bxg5 Rg8
15. Kh1 Rxg5 16. Bxf7+ Kd7 17. Bxh5 Rxh5 18. d4 Rh6 19. Rg1 Rf8 20. Ng5 Rh4 21.
d5 Ne7 22. Rg2 Ng6 23. Nxh7 Rxh7 24. Qg4+ Kd8 25. Qxg6 Qxg6 26. Rxg6 Rxf2 27.
Rg2 Rf4 28. Re1 Ke7 29. Rge2 Rfh4 30. Rf1 Be3 31. Rf3 Bf4 32. Rff2 b5 33. Rg2
Kf6 34. Kg1 Rxh2 35. Rxh2 Rxh2 36. Rxh2 Bxh2+ 37. Kxh2 a5 38. b3 Kg6 39. Kg2
Kg5 40. Kg3 Kh5 41. Kh3 1/2-1/2

[Event "TURNIEJ "]
[Site "LAZY"]
[Date "2010.07.02"]
[Round "8.5"]
[White "Karski, Sebastian"]
[Black "Kanarkiewicz, Michal"]
[Result "1-0"]
[WhiteElo "1842"]
[BlackElo "1918"]
[PlyCount "91"]
[EventDate "2010.??.??"]

1. d4 Nf6 2. c3 g6 3. e3 Bg7 4. Nd2 d5 5. Bd3 O-O 6. Ngf3 c5 7. O-O Qc7 8. Re1
Nbd7 9. c4 b6 10. b3 e5 11. dxe5 Nxe5 12. Nxe5 Qxe5 13. Rb1 Bb7 14. Bb2 Qc7 15.
Nf3 Rfe8 16. Rc1 Rad8 17. cxd5 Nxd5 18. Bxg7 Kxg7 19. Qc2 f6 20. a3 Qb8 21.
Red1 Re7 22. Rd2 Red7 23. Rcd1 Qc7 24. Be4 Ne7 25. Bxb7 Qxb7 26. Rxd7 Rxd7 27.
Rxd7 Qxd7 28. h3 Qd5 29. Nd2 Nc6 30. Nc4 Ne5 31. Nxe5 fxe5 32. a4 Kf7 33. Qc4
Qxc4 34. bxc4 Ke6 35. Kf1 e4 36. f3 exf3 37. gxf3 g5 38. Kf2 a6 39. Ke2 Kf6 40.
Kf2 Ke5 41. Ke2 Kd6 42. Kd3 Kc6 43. f4 gxf4 44. exf4 b5 45. cxb5+ axb5 46. a5
1-0

[Event "TURNIEJ "]
[Site "LAZY"]
[Date "2010.07.02"]
[Round "8.6"]
[White "Stawicki, Michal"]
[Black "Gabryjalowicz, Jakub"]
[Result "0-1"]
[WhiteElo "1720"]
[BlackElo "1780"]
[PlyCount "140"]
[EventDate "2010.??.??"]

1. e4 d5 2. exd5 Nf6 3. Bb5+ Bd7 4. Bc4 Bg4 5. f3 Bc8 6. Nc3 Nbd7 7. d4 Nb6 8.
Bb3 Nbxd5 9. Nxd5 Nxd5 10. Ne2 g6 11. c3 Bg7 12. Nf4 c6 13. Qe2 O-O 14. O-O a5
15. Bxd5 cxd5 16. Re1 e6 17. Nd3 b6 18. Bf4 Ba6 19. Qd2 Re8 20. Ne5 f6 21. Ng4
g5 22. Bg3 h5 23. Ne3 f5 24. Be5 Bxe5 25. dxe5 f4 26. Nc2 Qe7 27. Nd4 Qf7 28.
h3 Kg7 29. g4 hxg4 30. hxg4 Rh8 31. Kg2 Rh6 32. Rh1 Rah8 33. Rxh6 Rxh6 34. Rh1
Rxh1 35. Kxh1 Qg6 36. Qc2 Qxc2 37. Nxc2 Kf7 38. Nd4 Ke7 39. Kg2 Kd7 40. Kf2 Bc4
41. a3 a4 42. Ke1 b5 43. Kd2 Ke7 44. Kc1 Kd7 45. Kc2 Ke7 46. Kd2 Kd7 47. Nc2
Kc6 48. Ne1 Kd7 49. Ng2 Kc6 50. Ke1 Kc5 51. Kd2 Bf1 52. Ne1 d4 53. Nc2 dxc3+
54. bxc3 Kd5 55. Nd4 Kxe5 56. Nc6+ Kf6 57. Ke1 Bc4 58. Kf2 e5 59. Nb4 Ke6 60.
Nc2 Kd6 61. Nb4 Kc5 62. Na6+ Kb6 63. Nb4 Kc5 64. Na6+ Kc6 65. Nb4+ Kd6 66. Nc2
Bd3 67. Nb4 e4 68. Ke1 Kc5 69. Kd2 Kc4 70. Nc6 e3+ 0-1

[Event "TURNIEJ "]
[Site "LAZY"]
[Date "2010.07.02"]
[Round "8.7"]
[White "Zochowski, Kacper"]
[Black "Skwarun, Wojciech"]
[Result "1-0"]
[WhiteElo "1882"]
[BlackElo "1744"]
[PlyCount "131"]
[EventDate "2010.??.??"]

1. e4 e5 2. Nf3 Nc6 3. Bb5 Bc5 4. c3 Nf6 5. Qe2 d6 6. O-O O-O 7. Rd1 Bg4 8. h3
Bh5 9. d3 Nd7 10. g4 Bg6 11. Nbd2 h5 12. Nf1 hxg4 13. hxg4 Nf6 14. Bg5 Qd7 15.
N3h2 a6 16. Bxc6 bxc6 17. Bxf6 gxf6 18. Ne3 Bxe3 19. Qxe3 Kg7 20. f3 Rh8 21.
Nf1 Rh7 22. Rd2 Rah8 23. Rh2 d5 24. Rxh7+ Rxh7 25. Ng3 Qc8 26. Rd1 Rh3 27. Kg2
Rh7 28. Kg1 Qh8 29. Rd2 Rh3 30. Rg2 Qh4 31. Qf2 Kg8 32. Rh2 Rxh2 33. Qxh2 Qg5
34. Qe2 Qc1+ 35. Kg2 a5 36. Nf1 Kf8 37. Qd2 Qb1 38. a3 Ke7 39. Ne3 Ke6 40. c4
d4 41. Nd1 a4 42. Kf2 Kd7 43. Ke2 Bh7 44. Qb4 Qc2+ 45. Qd2 Qb1 46. Kf2 Bg6 47.
Kg3 Bh7 48. f4 exf4+ 49. Kxf4 Ke6 50. Kf3 Bg6 51. Nf2 Kd7 52. Qd1 Qxd1+ 53.
Nxd1 Kd6 54. Nf2 Ke5 55. Nh3 Bh7 56. Ng1 Bg6 57. Nh3 Bh7 58. Ke2 Kd6 59. Kd2
Kc5 60. Kc2 Kb6 61. b3 axb3+ 62. Kxb3 Ka5 63. Nf4 Bg8 64. Nh5 Bh7 65. Nxf6 Bg6
66. Nd7 1-0

[Event "TURNIEJ "]
[Site "LAZY"]
[Date "2010.07.02"]
[Round "8.9"]
[White "Nizynski, Andrzej"]
[Black "Mazalon, Mateusz"]
[Result "0-1"]
[WhiteElo "1479"]
[BlackElo "1790"]
[PlyCount "50"]
[EventDate "2010.??.??"]

1. e4 c5 2. c3 e6 3. d4 d5 4. exd5 exd5 5. Nf3 Nc6 6. Be3 cxd4 7. cxd4 Nf6 8.
Nc3 Bb4 9. Qc2 O-O 10. Bd3 Re8 11. O-O Bg4 12. Be2 Rc8 13. a3 Bf8 14. h3 Bh5
15. Qb3 Na5 16. Qd1 Nc4 17. Bxc4 Rxc4 18. Re1 Ne4 19. Rc1 Nxc3 20. Rxc3 Bxf3
21. gxf3 Rxc3 22. bxc3 Qh4 23. Kh2 Bd6+ 24. f4 Bxf4+ 25. Bxf4 Qxf2+ 0-1

[Event "TURNIEJ "]
[Site "LAZY"]
[Date "2010.07.02"]
[Round "8.10"]
[White "Kozakow, Mikolaj"]
[Black "Pychynski, Dominik"]
[Result "1/2-1/2"]
[WhiteElo "1533"]
[BlackElo "1427"]
[PlyCount "86"]
[EventDate "2010.??.??"]

1. e4 e6 2. d4 d5 3. exd5 exd5 4. Nf3 Bd6 5. Bd3 Ne7 6. O-O O-O 7. c4 c6 8. Re1
Bf5 9. Bxf5 Nxf5 10. Qb3 Qb6 11. Qd3 Bb4 12. Re5 Ne7 13. c5 Qd8 14. h4 Nd7 15.
Re2 Nf6 16. Bg5 Ba5 17. Nh2 Kh8 18. h5 Neg8 19. Ng4 h6 20. Bh4 Re8 21. Nc3 Bxc3
22. bxc3 Rxe2 23. Qxe2 Qe8 24. Qxe8 Rxe8 25. Nxf6 Nxf6 26. Bxf6 gxf6 27. Rb1
Re7 28. Kf1 Kg7 29. f3 f5 30. Kf2 Kf6 31. g3 Kg5 32. Rh1 Kf6 33. Rh4 Re6 34. a4
a6 35. a5 Kg5 36. Rh1 Re7 37. f4+ Kf6 38. Kf3 Re4 39. Rb1 Re7 40. Rb6 Kg7 41.
Rb4 Kf6 42. c4 Ke6 43. Rb3 dxc4 1/2-1/2

[Event "TURNIEJ "]
[Site "LAZY"]
[Date "2010.07.03"]
[Round "9.1"]
[White "Gabryjalowicz, Jakub"]
[Black "Mroziak, Maciej"]
[Result "0-1"]
[WhiteElo "1780"]
[BlackElo "2068"]
[PlyCount "74"]
[EventDate "2010.??.??"]

1. e4 c5 2. Nf3 d6 3. d4 Nf6 4. Nc3 cxd4 5. Qxd4 Nc6 6. Bb5 Bd7 7. Bxc6 Bxc6 8.
Bg5 e6 9. O-O-O Be7 10. Rhe1 O-O 11. Qd2 Rc8 12. Nd4 h6 13. Bh4 Qc7 14. Kb1 a6
15. Bg3 Rfd8 16. f4 b5 17. a3 Qb7 18. e5 dxe5 19. fxe5 Ne4 20. Nxe4 Bxe4 21.
Qe2 Bh7 22. Ka1 Qb6 23. c3 b4 24. axb4 Bxb4 25. cxb4 Rxd4 26. Rxd4 Qxd4 27. Qe3
Qxb4 28. Qa3 Qb5 29. Rd1 Bc2 30. Rc1 Rc4 31. h3 Ra4 32. Rxc2 Rxa3+ 33. bxa3 Qd3
34. Rc8+ Kh7 35. Bh2 Qxa3+ 36. Kb1 Qb3+ 37. Ka1 a5 0-1

[Event "TURNIEJ "]
[Site "LAZY"]
[Date "2010.07.03"]
[Round "9.2"]
[White "Karski, Sebastian"]
[Black "Malaczek, Mateusz"]
[Result "1/2-1/2"]
[WhiteElo "1842"]
[BlackElo "1824"]
[PlyCount "56"]
[EventDate "2010.??.??"]

1. d4 Nf6 2. c3 d5 3. Nf3 e6 4. Bg5 Be7 5. Nbd2 Nbd7 6. e3 O-O 7. Bd3 c5 8. O-O
Qb6 9. Rb1 Re8 10. Qe2 Bd6 11. e4 e5 12. Bxf6 Nxf6 13. dxe5 Bxe5 14. Nxe5 Rxe5
15. Qf3 dxe4 16. Nxe4 Nxe4 17. Bxe4 g6 18. h3 Rxe4 19. Qxe4 Bf5 20. Qe2 Bxb1
21. Rxb1 Rd8 22. Re1 Qe6 23. Qxe6 fxe6 24. Kf1 Rd2 25. Re2 Rd1+ 26. Re1 Rd2 27.
Re2 Rd1+ 28. Re1 Rd2 1-0

[Event "TURNIEJ "]
[Site "LAZY"]
[Date "2010.07.03"]
[Round "9.3"]
[White "Adamowicz, Maciej"]
[Black "Zielinski, Maciej"]
[Result "0-1"]
[WhiteElo "1978"]
[BlackElo "1973"]
[PlyCount "88"]
[EventDate "2010.??.??"]

1. e4 e5 2. Nf3 Nc6 3. Bb5 a6 4. Ba4 d6 5. O-O Bd7 6. d4 Nf6 7. dxe5 Nxe5 8.
Bxd7+ Nexd7 9. Re1 Be7 10. Nc3 O-O 11. Nd4 Re8 12. Nf5 Bf8 13. Bg5 h6 14. Bf4
Ne5 15. Bxe5 dxe5 16. Qf3 Kh7 17. Rad1 Qc8 18. Rd3 Qe6 19. Red1 g6 20. Ne3 c6
21. h3 Be7 22. Kh2 Rad8 23. Rxd8 Rxd8 24. Rxd8 Bxd8 25. Qd1 Ba5 26. Qf3 Kg7 27.
Ned1 Qd6 28. a3 Bxc3 29. Nxc3 Qd2 30. Qe2 Qxe2 31. Nxe2 Nxe4 32. f3 Nd6 33. b3
Nb5 34. a4 Nd4 35. Nxd4 exd4 36. Kg3 f5 37. f4 Kf6 38. Kf3 Ke6 39. a5 Kd5 40.
Ke2 Ke4 41. g3 c5 42. Kf2 d3 43. c3 d2 44. Ke2 d1=Q+ 0-1

[Event "TURNIEJ "]
[Site "LAZY"]
[Date "2010.07.03"]
[Round "9.4"]
[White "Grota, Mateusz"]
[Black "Zochowski, Kacper"]
[Result "0-1"]
[WhiteElo "1814"]
[BlackElo "1882"]
[PlyCount "62"]
[EventDate "2010.??.??"]

1. e4 c5 2. Nf3 d6 3. d4 cxd4 4. Nxd4 Nf6 5. Nc3 a6 6. Bg5 e6 7. f4 Be7 8. Qd2
Qc7 9. Be2 Nbd7 10. f5 e5 11. Nb3 b5 12. a3 Bb7 13. Bf3 O-O 14. g4 Nb6 15.
O-O-O Nc4 16. Qg2 h6 17. Bxf6 Bxf6 18. h4 Qe7 19. Qh3 Rfc8 20. Kb1 Nxa3+ 21.
bxa3 Rxc3 22. g5 Bxg5 23. hxg5 Qxg5 24. Qf1 Rac8 25. Rh2 Qe3 26. Bh1 Bxe4 27.
Bxe4 Qxe4 28. Rdd2 Rxb3+ 29. Ka2 Rbc3 30. Kb2 Qa4 31. Qa1 b4 0-1

[Event "TURNIEJ "]
[Site "LAZY"]
[Date "2010.07.03"]
[Round "9.5"]
[White "Kanarkiewicz, Michal"]
[Black "Borawski, Jakub"]
[Result "0-1"]
[WhiteElo "1918"]
[BlackElo "1815"]
[PlyCount "56"]
[EventDate "2010.??.??"]

1. e4 e5 2. Nf3 Nc6 3. Bb5 a6 4. Ba4 Nf6 5. O-O b5 6. Bb3 Bb7 7. d3 Be7 8. c3
O-O 9. a4 d5 10. Nbd2 Na5 11. Bc2 Bd6 12. Qe2 Re8 13. Re1 c5 14. Nf1 c4 15. Ng3
cxd3 16. Bxd3 Nb3 17. Ra2 Nxc1 18. Rxc1 dxe4 19. Nxe4 Nd5 20. Nxd6 Nf4 21. Qe3
Qxd6 22. Be4 Bxe4 23. Qxe4 f5 24. Qc2 Qg6 25. g3 Qg4 26. b3 Qxf3 27. gxf4 Re6
28. Kf1 Qh3+ 0-1

[Event "TURNIEJ "]
[Site "LAZY"]
[Date "2010.07.03"]
[Round "9.6"]
[White "Mazalon, Mateusz"]
[Black "Prominski, Piotr"]
[Result "1/2-1/2"]
[WhiteElo "1790"]
[BlackElo "1795"]
[PlyCount "87"]
[EventDate "2010.??.??"]

1. e4 c5 2. Nf3 d6 3. c3 Nf6 4. h3 Nc6 5. Bd3 g6 6. Bc2 Bg7 7. O-O O-O 8. Re1
Qc7 9. d4 cxd4 10. cxd4 Nd7 11. Nc3 Nb6 12. Bg5 Re8 13. Rc1 Bd7 14. Nd5 Qd8 15.
Bb3 h6 16. Bh4 Nxd5 17. Bxd5 Qb6 18. e5 dxe5 19. Nxe5 Nxe5 20. dxe5 Be6 21.
Bxe6 Qxe6 22. Rc7 Qxa2 23. e6 f6 24. Rxb7 g5 25. Bg3 f5 26. Be5 Qa5 27. Bxg7
Kxg7 28. Qd4+ Kg6 29. Re5 Qa1+ 30. Kh2 Qb1 31. Qb4 Rad8 32. Re1 Qc2 33. Rxe7
Qxf2 34. Rxe8 Rxe8 35. Qb7 Kh5 36. Qf7+ Kh4 37. Re4+ f4 38. Qxe8 Qg3+ 39. Kg1
Qd3 40. Qg6 Kg3 41. Rxf4 Qe3+ 42. Kf1 Qxf4+ 43. Ke2 Qe5+ 44. Kf1 1/2-1/2

[Event "TURNIEJ "]
[Site "LAZY"]
[Date "2010.07.03"]
[Round "9.8"]
[White "Skwarun, Wojciech"]
[Black "Pychynski, Dominik"]
[Result "1-0"]
[WhiteElo "1744"]
[BlackElo "1427"]
[PlyCount "51"]
[EventDate "2010.??.??"]

1. e4 e5 2. Nf3 Nf6 3. Nc3 Nc6 4. d4 d6 5. dxe5 Nxe5 6. Nxe5 dxe5 7. Qxd8+ Kxd8
8. Bc4 Ke7 9. Be3 b6 10. O-O-O Bb7 11. f3 Ke8 12. Nb5 Bd6 13. Nxd6+ cxd6 14.
Rxd6 Ke7 15. Rd2 Rac8 16. Bb3 Rc7 17. Rhd1 Rhc8 18. Bg5 h6 19. Bh4 g5 20. Bg3
Rc5 21. h4 R8c7 22. Bf2 R5c6 23. Be1 Nd7 24. Ba4 f6 25. Bxc6 Bxc6 26. hxg5 1-0